Gua̕ laboral 2012

Bibliographic Details
Main Author: Madero, Yolanda
Format: eBook
Language:Spanish
Published: Bogot ̀: ECOE, 2012
Subjects:
Online Access:http://www.vlex.com/source/6845

MARC

LEADER 00000nam a22000007a 4500
005 20130218170409.0
007 cr|||| ||||
008 130218e2012 ck |||||s|||| 00| 0 spa d
020 |a 9586487687 
035 |a 6845 
040 |a vLex 
090 |c 3676  |d 3676 
100 1 0 |a Madero, Yolanda 
245 1 0 |a Gua̕ laboral 2012  |h [Recurso electrn̤ico]  
256 |a Servicio en ln̕ea 
260 |a Bogot ̀:  |b ECOE,   |c 2012 
300 |a 1 Recurso electrn̤ico 
650 0 4 |a Derecho laboral y Seguridad Social  |z Colombia 
740 |a vLex Libros (Servicio en ln̕ea) 
856 |a Acceso restringido  |u http://www.vlex.com/source/6845 
942 |c BOOK 
999 0 |a Labor laws and legislation